书目信息 |
| 题名: |
中国梦
|
|
| 作者: | 刘明福 著 | |
| 分册: | ||
| 出版信息: | 北京 中国友谊出版公司 2010.8 |
|
| 页数: | 303页 | |
| 开本: | 24cm | |
| 丛书名: | ||
| 单 册: | ||
| 中图分类: | D60 | |
| 科图分类: | ||
| 主题词: | 发展战略--研究--中国--现代 , 中美关系--研究 , 发展战略 , 中美关系 | |
| 电子资源: | ||
| ISBN: | 978-7-5057-2664-2 | |
| 000 | 01037nam0 2200277 45 | |
| 001 | 311941 | |
| 005 | 20130606155702.18 | |
| 010 | @a978-7-5057-2664-2@dCNY29.80 | |
| 100 | @a20130606d2010 em y0chiy0110 ea | |
| 101 | 0 | @achi |
| 102 | @aCN@b110000 | |
| 105 | @aa z 000yy | |
| 106 | @ar | |
| 200 | 1 | @a中国梦@AZhong Guo Meng@e后美国时代的大国思维与战略定位@EHou Mei Guo Shi Dai De Da Guo Si Wei Yu Zhan Lue Ding Wei@f刘明福著@FLiu Ming Fu Zhu |
| 210 | @a北京@c中国友谊出版公司@d2010.8 | |
| 215 | @a303页@c图@d24cm | |
| 330 | @a本书分析了21世纪的中美关系,深刻阐述了中国发展战略,指出21世纪的中美竞争,是一场世纪赛局,其波澜壮阔、精彩辉煌、影响深远,必将开辟世界历史新时代。 | |
| 517 | 1 | @a后美国时代的大国思维与战略定位@AHou Mei Guo Shi Dai De Da Guo Si Wei Yu Zhan Lue Ding Wei |
| 606 | 0 | @a发展战略@x研究@y中国@z现代 |
| 606 | 0 | @a中美关系@x研究 |
| 606 | 0 | @a发展战略 |
| 606 | 0 | @a中美关系 |
| 690 | @aD60@v5 | |
| 701 | 0 | @a刘明福@ALiu Ming Fu@4著 |
| 801 | 0 | @aCN@bTANGWEI@c20130523 |
| 905 | @b0836134-36@dD60@e111@f3 | |
| 中国梦:后美国时代的大国思维与战略定位/刘明福著.-北京:中国友谊出版公司,2010.8 |
| 303页:图;24cm |
| ISBN 978-7-5057-2664-2:CNY29.80 |
| 本书分析了21世纪的中美关系,深刻阐述了中国发展战略,指出21世纪的中美竞争,是一场世纪赛局,其波澜壮阔、精彩辉煌、影响深远,必将开辟世界历史新时代。 |
| ● |
| 相关链接 |
|
|
|
|
正题名:中国梦
索取号:D60/111
 
预约/预借
| 序号 | 登录号 | 条形码 | 馆藏地/架位号 | 状态 | 备注 |
| 1 | 0836134 | 208361342 | 第一样本阅览室/ [索取号:D60/111] | 在馆 | |
| 2 | 0836135 | 208361351 | 第一借阅区/ [索取号:D60/111] | 在馆 | |
| 3 | 0836136 | 208361360 | 第一借阅区/ [索取号:D60/111] | 在馆 |